000 01519cam a2200241 a 4500
001 509
005 20240111154706.0
020 _a9780813343631 (pbk.)
020 _a0813343631 (pbk.)
020 _a9789749511572
040 _aDLC
_cDLC
_dYDX
_dBAKER
_dBTCTA
_dUKM
_dYDXCP
_dNSB
_dDLC
_beng
050 0 0 _aDS554.5
_b.C46 2008
082 0 0 _a959.6
_222
100 1 _aChandler, David P.
_q(David Porter),
_d1933-
245 1 2 _aA history of Cambodia /
_cDavid Chandler.
250 _aSoutheast Asian Edition.
260 _aChiang Mai, Thailand
_bWestview Press.
_c2008.
300 _axiv, 365 p. :
_bill., maps ;
_c23 cm.
520 _aThis clear and concise volume provides a timely overview of Cambodia, a small but increasingly visible Southeast Asian nation. Hailed by the Journal of Asian Studies as an "original contribution, superior to any other existing work," the first edition ended in 1953 with Cambodia's independence from France; the second carries the narrative forward to the present. In the new material, Chandler focuses especially on the unstable but influential career of Prince Norodom Sihanouk, the bloody reign of Pol Pot's Khmer Rouge, and the relative calm that followed the Vietnamese invasion of 1979. This comprehensive general description and analysis of Cambodia will illuminate--for specialists and general readers alike--the history and contemporary politics of a country long misunderstood.
521 _a1490
_bLexile
906 _a7
_bcbc
_corignew
_d1
_eecip
_f20
_gy-gencatlg
942 _2ddc
_cBK
_n0
999 _c509
_d509